00627 2200181 4500245004700000020002200047250001100069700001800080700002700098650003700125005001900162260003300181041001400214084001000228500016100238490003700399336000900436 aInvertebrata Volume 7cErry SunarayahText a978-979-3535-67-8 aCet. 1 aErry Sunaraya aAnswita Ratih Fitriani aEnsiklopedia Biologi Dunia Hewan a20231116135452 aJakartabLENTERA ABADIc2012 aIndonesia a590.3 aBuku ini memaparkan kekayaan kerajaan hewan dengan lengkap, terperincii, sistematis, dan menakjubkan karena dilengkapi dengan ilustrasi yang sangat menarik. aEnsiklopedia Biologi Dunia Hewan atext